Anh hùng tiêu sơn

שמור ב:
מידע ביבליוגרפי
מחבר ראשי: Trần, Đại Sỹ
פורמט: ספר
שפה:Undetermined
יצא לאור: Thành phố Hồ Chí Minh Trẻ 2003
נושאים:
תגים: הוספת תג
אין תגיות, היה/י הראשונ/ה לתייג את הרשומה!
Thư viện lưu trữ: Trung tâm Học liệu Trường Đại học Cần Thơ
LEADER 00554nam a2200193Ia 4500
001 CTU_88788
008 210402s9999 xx 000 0 und d
020 |c 120000 
082 |a 895.9223081 
082 |b S600/P.2 
100 |a Trần, Đại Sỹ 
245 0 |a Anh hùng tiêu sơn 
245 0 |c Trần Đại Sỹ 
260 |a Thành phố Hồ Chí Minh 
260 |b Trẻ 
260 |c 2003 
650 |a Historical fiction,vietnamese 
904 |i Trúc Phương,Hải 
980 |a Trung tâm Học liệu Trường Đại học Cần Thơ